000 00298nam a22001337a 4500
008 170713b xxu||||| |||| 00| 0 eng d
020 _a9780877794752
041 _aeng
080 _a038
100 _a23
101 _aFJA
245 _aWEBSTER'S ELEMENTARY DICTIONARY
_cMERRIAM
942 _2udc
_cBK
999 _c20404
_d20404